Statistics : probability, inference, and decision /

Guardado en:
Autor Principal: Hays, William Lee, 1926-
Otros Autores: Winkler, Robert L.
Formato: Libro
Idioma:English
Publicado: New York : Holt, Rinehart, and Winston, c1971.
Series:Series in quantitative methods for decision-making
International series in decision processes
Etiquetas: Agregar Etiqueta
Sin Etiquetas, Sea el primero en etiquetar este registro!
LEADER 01223cam a22002415a 4500
001 MAT.inmabb002402
008 710412s1971####nyua#####b####001#0#eng#d
005 20130319123401.0
245 1 0 |a Statistics :  |b probability, inference, and decision /  |c William L. Hays, Robert L. Winkler. 
260 |a New York :  |b Holt, Rinehart, and Winston,  |c c1971. 
300 |a xx, 937 p. :  |b il. ;  |c 24 cm. 
440 0 |a Series in quantitative methods for decision-making 
440 0 |a International series in decision processes 
500 |a Publicado en 2 vols. en 1970. 
505 8 |a 1. Sets and functions -- 2. Elementary probability theory -- 3. Probability distributions -- 4. Special probability distributions -- 5. Frequency and sampling distributions -- 6. Estimation -- 7. Hypothesis testing -- 8. Bayesian inference -- 9. Decision theory -- 10. Regression and correlation -- 11. Sampling theory, experimental design, and analysis of variance -- 12. Nonparametric methods. 
504 |a Bibliografía: p. 911-915. 
510 4 |a MR,  |c 42 #1251 
020 |a 0030858747 
100 1 |a Hays, William Lee,  |d 1926- 
700 1 |a Winkler, Robert L. 
084 |a 62-xx  |2 msc2000 
010 |a  74141356  
859 |h 62  |i H425  |p A-4073  |b BIB. MATEMATICA